| 000 | 00782nam a22002531 4500 | ||
|---|---|---|---|
| 001 | 7438 | ||
| 003 | BD-RjUL | ||
| 005 | 20211208234419.0 | ||
| 008 | 150114s1961 caua b 000 0 eng | ||
| 035 | _a(BD-RjUL)7481 | ||
| 040 |
_aDLC _cDLC _dDLC _dBD-RjUL _beng |
||
| 041 | _aeng | ||
| 082 | 0 | 0 |
_a511.322 _223 _bSTS 1961 |
| 100 | 1 |
_aStoll, Robert Roth. _923250 |
|
| 245 | 1 | 0 |
_aSets, logic, and axiomatic theories / _cRobert Roth Stoll. |
| 260 |
_aSan Francisco : _bW. H. Freeman, _cc1961. |
||
| 300 |
_a206 p. : _bill. ; _c21 cm. |
||
| 490 | 0 | _aA Series of undergraduate books in mathematics. Golden Gate books | |
| 504 | _aIncludes bibliography. | ||
| 650 | 0 |
_aSet theory. _923251 |
|
| 650 | 0 |
_aLogic, Symbolic and mathematical. _923252 |
|
| 942 |
_2ddc _cBK |
||
| 999 |
_c7438 _d7438 |
||